[Event "SUI-chT"]
[Site "Switzerland"]
[Date "2022.09.03"]
[Round "4.5"]
[White "Fischer, Daniel1111"]
[Black "Janovsky, Jozef"]
[Result "1/2-1/2"]
[WhiteElo "2367"]
[BlackElo "2131"]
[PlyCount "119"]
[EventDate "2022.05.01"]
[EventType "team-tourn"]
[EventRounds "9"]
[EventCountry "SUI"]
[SourceTitle "EXT 2023"]
[Source "ChessBase"]
[SourceDate "2022.10.05"]
[SourceVersion "1"]
[SourceVersionDate "2022.10.05"]
[SourceQuality "1"]
[WhiteTeam "Zuerich"]
[BlackTeam "Nimzowitsch"]
[WhiteTeamCountry "SUI"]
[BlackTeamCountry "SUI"]

1. e4 c6 2. d4 Na6 3. Nf3 g6 4. Be2 Bg7 5. 0-0 d6 6. Nc3 Nc7 7. a4 Nf6 8. h3 0-0 9. Re1 Nd7 10. Bg5 h6 11. Be3 Kh7 12. Qd2 b6 13. Nh2 a6 14. Ng4 h5 15. Nh2 b5 16. Nf3 Rb8 17. Ng5+ Kg8 18. f4 Nf6 19. Bd3 e6 20. Rf1 d5 21. e5 Nh7 22. b4 Nxg5 23. fxg5 a5 24. bxa5 b4 25. Ne2 Ba6 26. Rf6 Bxd3 27. Qxd3 Qc8 28. Nc1 Bxf6 29. gxf6 Qa6 30. Qd2 Kh7 31. Nb3 Qc4 32. Qf2 Rh8 33. Rd1 Kg8 34. h4 Na6 35. Rd3 Kf8 36. Qd2 Ke8 37. Qc1 Kd7 38. Qb1 Nc7 39. Kf2 Kc8 40. g3 Kd8 41. Ke1 Qa6 42. Kd2 Qa8 43. Qf1 Na6 44. Kc1 Kd7 45. Kb2 Qa7 46. Rd2 Kc7 47. Qf4 Kb7 48. Rd3 Ka8 49. Bf2 Rhc8 50. Be3 Rh8 51. Rd1 Rhc8 52. Rd2 Rh8 53. Rh2 Rhc8 54. Rd2 Rh8 55. Qf1 Rhc8 56. Qd3 Qb7 57. Rf2 Qa7 58. Ka2 Qb7 59. Rf4 Rc7 60. Kb2 1/2-1/2

[Event "CZE-chT2E 0809"]
[Site "Czech Republic"]
[Date "2009.01.25"]
[Round "7.5"]
[White "Janovsky, Jozef"]
[Black "Ciprys, David"]
[Result "1-0"]
[WhiteElo "2162"]
[BlackElo "2047"]
[PlyCount "101"]
[EventDate "2008.10.12"]
[EventType "team-tourn"]
[EventRounds "11"]
[EventCountry "CZE"]
[SourceTitle "EXT 2010"]
[Source "ChessBase"]
[SourceDate "2010.11.25"]
[SourceVersion "1"]
[SourceVersionDate "2010.11.25"]
[SourceQuality "1"]
[WhiteTeam "Brno Lokomotiva III"]
[BlackTeam "Postorna"]
[WhiteTeamCountry "CZE"]
[BlackTeamCountry "CZE"]

1. Nc3 c5 2. Nf3 Nc6 3. d4 cxd4 4. Nxd4 Nf6 5. Bg5 Qb6 6. Nb3 e6 7. e4 Bb4 8. Bd3 d6 9. Qd2 Bd7 10. a3 Bxc3 11. Qxc3 Ne5 12. Be3 Qc6 13. Qb4 Nxd3+ 14. cxd3 Qb5 15. Qxb5 Bxb5 16. Kd2 Kd7 17. a4 Ba6 18. f3 Rhc8 19. g4 Rc7 20. Rhc1 Rxc1 21. Nxc1 b6 22. b4 Kc7 23. b5 Bc8 24. a5 Nd7 25. Nb3 Nc5 26. axb6+ Kxb6 27. Nxc5 dxc5 28. Rc1 Kxb5 29. Rxc5+ Kb4 30. Rc4+ Kb3 31. Rc3+ Kb4 32. Bxa7 Bb7 33. Bc5+ Kb5 34. Rc2 Ra1 35. d4 Rh1 36. Ke3 Rb1 37. Be7 Bc6 38. h4 Kb6 39. h5 Kb7 40. Rc3 Ra1 41. Bf8 g6 42. h6 Ra5 43. Bc5 f6 44. Kf4 Rb5 45. g5 f5 46. exf5 exf5 47. Ke5 Ra5 48. Kf6 Bd5 49. Kg7 Ra8 50. Kxh7 Rg8 51. Re3 1-0

[Event "SVK-ch U18"]
[Site "Liptovsky Mikulas"]
[Date "2007.04.25"]
[Round "6"]
[White "Jancovic, Peter"]
[Black "Janovsky, Jozef"]
[Result "1/2-1/2"]
[WhiteElo "2145"]
[BlackElo "2200"]
[PlyCount "45"]
[EventDate "2007.04.22"]
[EventType "swiss"]
[EventRounds "9"]
[EventCountry "SVK"]
[SourceTitle "EXT 2008"]
[Source "ChessBase"]
[SourceDate "2007.11.25"]
[SourceVersion "1"]
[SourceVersionDate "2007.11.25"]
[SourceQuality "1"]

1. d4 d5 2. Nf3 Nf6 3. c4 c6 4. Nc3 e6 5. e3 Nbd7 6. cxd5 exd5 7. Bd3 Bd6 8. 0-0 0-0 9. e4 dxe4 10. Bxe4 Nb6 11. h3 Nxe4 12. Nxe4 Be7 13. Re1 Nd5 14. Nc3 Be6 15. a3 Re8 16. Qd3 h6 17. Qc2 Qc7 18. Bxh6 Nxc3 19. bxc3 gxh6 20. Rxe6 fxe6 21. Qg6+ Kf8 22. Qxh6+ Kg8 23. Qg6+ 1/2-1/2

[Event "SVK-ch U18"]
[Site "Liptovsky Mikulas"]
[Date "2007.04.24"]
[Round "4"]
[White "Urban, Gabor"]
[Black "Janovsky, Jozef"]
[Result "1/2-1/2"]
[WhiteElo "1917"]
[BlackElo "2200"]
[PlyCount "54"]
[EventDate "2007.04.22"]
[EventType "swiss"]
[EventRounds "9"]
[EventCountry "SVK"]
[SourceTitle "EXT 2008"]
[Source "ChessBase"]
[SourceDate "2007.11.25"]
[SourceVersion "1"]
[SourceVersionDate "2007.11.25"]
[SourceQuality "1"]

1. c4 c6 2. d4 d5 3. Nf3 Nf6 4. Bf4 e6 5. e3 Nbd7 6. Nc3 Be7 7. Bd3 0-0 8. 0-0 dxc4 9. Bxc4 b5 10. Bd3 Bb7 11. Rc1 Rc8 12. Ng5 a6 13. Nge4 Nb6 14. Nc5 Ba8 15. Nxa6 Nbd5 16. Bg3 Qa5 17. Nc5 Nxc3 18. Rxc3 Qxa2 19. Qa1 Qd5 20. Qa7 Bd6 21. Bxd6 Qxd6 22. h3 e5 23. Ne4 Nxe4 24. Bxe4 exd4 25. exd4 Qb4 26. Rc2 Rfe8 27. Bf3 Rcd8 1/2-1/2

[Event "SVK-chT 0607"]
[Site "Slovakia"]
[Date "2007.02.18"]
[Round "9"]
[White "Blaho, Stefan"]
[Black "Janovsky, Jozef"]
[Result "0-1"]
[WhiteElo "2157"]
[BlackElo "2149"]
[PlyCount "120"]
[EventDate "2006.10.21"]
[EventType "team-tourn"]
[EventRounds "11"]
[EventCountry "SVK"]
[SourceTitle "EXT 2019"]
[Source "ChessBase"]
[SourceDate "2018.10.10"]
[SourceVersion "1"]
[SourceVersionDate "2018.10.10"]
[SourceQuality "1"]
[WhiteTeam "Nove Zamky Basta"]
[BlackTeam "Kosice sachy.sk"]
[WhiteTeamCountry "SVK"]
[BlackTeamCountry "SVK"]

1. d4 d5 2. c4 c6 3. Nd2 Nf6 4. Ngf3 e6 5. g3 Nbd7 6. Bg2 Bd6 7. 0-0 0-0 8. Qc2 h6 9. e4 dxe4 10. Nxe4 Nxe4 11. Qxe4 c5 12. Bf4 Nf6 13. Qe3 cxd4 14. Qxd4 Bxf4 15. Qxf4 Qb6 16. b3 Rd8 17. Rfd1 Bd7 18. Ne5 Be8 19. h4 Nd7 20. Rxd7 Rxd7 21. Nxd7 Bxd7 22. Rd1 Bc6 23. Rd6 Rd8 24. Rxd8+ Qxd8 25. Bxc6 bxc6 26. Qe3 Qa5 27. Qe2 g6 28. Kf1 h5 29. Qb2 c5 30. a3 Qd8 31. Ke2 a5 32. Qc3 Qb6 33. Kd2 Kh7 34. Kc2 Kg8 35. Qe5 Qc6 36. Kb2 Qb6 37. Kc3 Qc6 38. b4 axb4+ 39. axb4 cxb4+ 40. Kxb4 Qb6+ 41. Qb5 Qxf2 42. Qe8+ Kg7 43. c5 Qd4+ 44. Kb5 Qd3+ 45. Kb6 Qd4 46. Qe7 e5 47. Kc7 e4 48. Kb7 e3 49. c6 Qb2+ 50. Kc8 Qf6 51. Qe8 e2 52. c7 Qa6+ 53. Kb8 Qb6+ 54. Kc8 Qf2 55. Qe5+ Kh7 56. Kd8 e1Q 57. Qxe1 Qxe1 58. c8Q Qxg3 59. Qc4 Qd6+ 60. Ke8 Qe6+ 0-1

[Event "EU-ch U18"]
[Site "Herceg Novi"]
[Date "2006.09.14"]
[Round "5"]
[White "Wu, Li"]
[Black "Janovsky, Jozef"]
[Result "1-0"]
[WhiteElo "2306"]
[BlackElo "2141"]
[PlyCount "79"]
[EventDate "2006.09.10"]
[EventType "swiss"]
[EventRounds "9"]
[EventCountry "MNE"]
[SourceTitle "CBM 114 Extra"]
[Source "ChessBase"]
[SourceDate "2006.11.03"]
[SourceVersion "1"]
[SourceVersionDate "2006.11.03"]
[SourceQuality "1"]

1. d4 d5 2. c4 c6 3. Nc3 Nf6 4. e3 e6 5. Nf3 Nbd7 6. Qc2 Bd6 7. g4 Bb4 8. Bd2 Qe7 9. Bd3 e5 10. cxd5 Bxc3 11. Bxc3 e4 12. dxc6 bxc6 13. g5 exd3 14. gxf6 Qxf6 15. Qd1 0-0 16. Rg1 g6 17. Ng5 Qf5 18. Qf3 Nb6 19. 0-0-0 Nd5 20. Qxf5 Bxf5 21. e4 Nxc3 22. bxc3 Be6 23. Kb2 Bc4 24. Nf3 Rab8+ 25. Ka1 f6 26. Ne1 Rb5 27. Nxd3 Rfb8 28. Rd2 Bxd3 29. Rxd3 Rb2 30. d5 cxd5 31. exd5 Kf7 32. d6 Re2 33. Rb1 Rd8 34. Rb7+ Ke8 35. Rxh7 Rxf2 36. d7+ Kf8 37. Re3 Kg8 38. Rhe7 Rf8 39. Re8 f5 40. Rxf8+ 1-0

[Event "EU-ch U18"]
[Site "Herceg Novi"]
[Date "2006.09.12"]
[Round "3"]
[White "Dourerassou, Jonathan"]
[Black "Janovsky, Jozef"]
[Result "1-0"]
[WhiteElo "2336"]
[BlackElo "2141"]
[PlyCount "47"]
[EventDate "2006.09.10"]
[EventType "swiss"]
[EventRounds "9"]
[EventCountry "MNE"]
[SourceTitle "CBM 114 Extra"]
[Source "ChessBase"]
[SourceDate "2006.11.03"]
[SourceVersion "1"]
[SourceVersionDate "2006.11.03"]
[SourceQuality "1"]

1. e4 c5 2. Nf3 d6 3. d4 cxd4 4. Nxd4 Nf6 5. Nc3 e6 6. Be3 a6 7. g4 h6 8. f4 Nc6 9. Be2 Qc7 10. g5 hxg5 11. fxg5 Nd7 12. Qd2 Nde5 13. 0-0-0 Bd7 14. Kb1 0-0-0 15. Nb3 Na5 16. Nxa5 Qxa5 17. h4 g6 18. Bd4 Be7 19. Qe3 Kc7 20. a3 Nc6 21. b4 Nxb4 22. Bxh8 Nd5 23. Nxd5+ Qxd5 24. exd5 1-0

[Event "SVK-ch op-A"]
[Site "Banska Stiavnica"]
[Date "2006.07.15"]
[Round "8"]
[White "Ruckschloss, Karol"]
[Black "Janovsky, Jozef"]
[Result "1-0"]
[WhiteElo "2311"]
[BlackElo "2141"]
[PlyCount "65"]
[EventDate "2006.07.08"]
[EventType "swiss"]
[EventRounds "9"]
[EventCountry "SVK"]
[SourceTitle "CBM 113 Extra"]
[Source "ChessBase"]
[SourceDate "2006.09.14"]
[SourceVersion "1"]
[SourceVersionDate "2006.09.14"]
[SourceQuality "1"]

1. c4 c6 2. d4 d5 3. e3 Nf6 4. Nc3 e6 5. Bd3 Nbd7 6. Nf3 dxc4 7. Bxc4 b5 8. Bd3 Bb7 9. 0-0 a6 10. a4 b4 11. Ne2 c5 12. b3 Qa5 13. Bb2 Be7 14. Ng3 0-0 15. Rc1 Rfd8 16. Qe2 Rac8 17. Nd2 cxd4 18. Bxd4 Qd5 19. Nge4 e5 20. Ba1 Nc5 21. Bc4 Qd7 22. Nxc5 Bxc5 23. Nf3 Qg4 24. Bxf7+ Kf8 25. Bc4 Rd2 26. h3 Qg6 27. Nh4 Qe4 28. Qxd2 Qxh4 29. f3 Qg5 30. Rce1 g6 31. Kh2 Nh5 32. Qd7 Rb8 33. Qf7# 1-0

[Event "SVK-ch op-A"]
[Site "Banska Stiavnica"]
[Date "2006.07.10"]
[Round "3"]
[White "Janovsky, Jozef"]
[Black "Berezjuk, Sergej"]
[Result "0-1"]
[WhiteElo "2141"]
[BlackElo "2445"]
[PlyCount "36"]
[EventDate "2006.07.08"]
[EventType "swiss"]
[EventRounds "9"]
[EventCountry "SVK"]
[SourceTitle "CBM 113 Extra"]
[Source "ChessBase"]
[SourceDate "2006.09.14"]
[SourceVersion "1"]
[SourceVersionDate "2006.09.14"]
[SourceQuality "1"]

1. e4 e5 2. Nf3 Nc6 3. Bc4 Nf6 4. d4 exd4 5. e5 d5 6. Bb5 Ne4 7. Nxd4 Bd7 8. Bxc6 bxc6 9. 0-0 Bc5 10. Be3 Bb6 11. Nd2 Nxd2 12. Qxd2 0-0 13. Bg5 Qc8 14. b4 Re8 15. Qc3 a5 16. a3 Qa6 17. Rad1 Rxe5 18. bxa5 Bxd4 0-1

[Event "SVK-ch U18"]
[Site "Brezova pod Bradlom"]
[Date "2006.03.08"]
[Round "7"]
[White "Janovsky, Jozef"]
[Black "Dolnik, Attila"]
[Result "1-0"]
[WhiteElo "2281"]
[BlackElo "2116"]
[PlyCount "45"]
[EventDate "2006.03.05"]
[EventType "swiss"]
[EventRounds "9"]
[EventCountry "SVK"]
[SourceTitle "EXT 2008"]
[Source "ChessBase"]
[SourceDate "2007.11.25"]
[SourceVersion "1"]
[SourceVersionDate "2007.11.25"]
[SourceQuality "1"]

1. e4 c5 2. Nf3 e6 3. d4 cxd4 4. Nxd4 a6 5. Bd3 Nf6 6. 0-0 d6 7. c4 Be7 8. Nc3 0-0 9. Be3 b6 10. f4 Bb7 11. e5 Ne8 12. Qh5 g6 13. Qh6 Ng7 14. Ne4 Nf5 15. Nxf5 exf5 16. Rf3 f6 17. e6 Qc7 18. Rh3 Bd8 19. Nxd6 Bc6 20. Nxf5 Ra7 21. e7 Rf7 22. exd8Q+ Qxd8 23. Nd4 1-0

[Event "SVK-ch U18"]
[Site "Brezova pod Bradlom"]
[Date "2006.03.07"]
[Round "5"]
[White "Janovsky, Jozef"]
[Black "Vass, Frantisek"]
[Result "1-0"]
[WhiteElo "2281"]
[BlackElo "2384"]
[PlyCount "65"]
[EventDate "2006.03.05"]
[EventType "swiss"]
[EventRounds "9"]
[EventCountry "SVK"]
[SourceTitle "EXT 2008"]
[Source "ChessBase"]
[SourceDate "2007.11.25"]
[SourceVersion "1"]
[SourceVersionDate "2007.11.25"]
[SourceQuality "1"]

1. e4 e6 2. d4 d5 3. Nc3 Nf6 4. Bg5 Bb4 5. e5 h6 6. Bd2 Bxc3 7. bxc3 Ne4 8. Qg4 Kf8 9. h4 c5 10. Bd3 Nxd2 11. Kxd2 Qe7 12. Nf3 Nc6 13. Rh3 cxd4 14. cxd4 g6 15. Qf4 Qb4+ 16. Ke2 Ke8 17. Rd1 Qe7 18. Rg3 Nb4 19. Qf6 Qxf6 20. exf6 Nxa2 21. Bb5+ Kf8 22. Ne5 a6 23. Ra3 Nb4 24. c3 Nc6 25. Bxc6 bxc6 26. Rb1 Ke8 27. Ra5 Rf8 28. Rb6 Kd8 29. Rxc6 Bb7 30. Rd6+ Kc7 31. Rd7+ Kb6 32. Ra2 Bc6 33. Rd6 1-0

[Event "SVK-ch U18"]
[Site "Brezova pod Bradlom"]
[Date "2006.03.06"]
[Round "3"]
[White "Janovsky, Jozef"]
[Black "Zavacky, Peter"]
[Result "0-1"]
[WhiteElo "2281"]
[BlackElo "2096"]
[PlyCount "64"]
[EventDate "2006.03.05"]
[EventType "swiss"]
[EventRounds "9"]
[EventCountry "SVK"]
[SourceTitle "EXT 2008"]
[Source "ChessBase"]
[SourceDate "2007.11.25"]
[SourceVersion "1"]
[SourceVersionDate "2007.11.25"]
[SourceQuality "1"]

1. e4 c5 2. Nf3 d6 3. d4 Nf6 4. Nc3 cxd4 5. Nxd4 g6 6. Be3 Bg7 7. f3 0-0 8. Qd2 Nc6 9. Bc4 Bd7 10. 0-0-0 Qb8 11. Bb3 b5 12. Ndxb5 Ne5 13. a4 a6 14. Nd4 Rc8 15. h4 Nc4 16. Bxc4 Rxc4 17. b3 Rc7 18. h5 Qb4 19. Nb1 Qxd2+ 20. Rxd2 Nxh5 21. Ne2 Be6 22. g4 Nf6 23. Nd4 Bd7 24. Rd3 Rac8 25. Na3 Be8 26. c4 Nd7 27. Kc2 Rb7 28. Rd2 Nc5 29. Rdh2 Nxb3 30. Nxb3 Bxa4 31. Bh6 Rxb3 32. Nb1 Rxc4+ 0-1

[Event "SVK-chT 0506"]
[Site "Slovakia"]
[Date "2006.02.25"]
[Round "9"]
[White "Janovsky, Jozef"]
[Black "Federic, Jozef"]
[Result "0-1"]
[WhiteElo "2165"]
[BlackElo "2075"]
[PlyCount "90"]
[EventDate "2005.10.08"]
[EventType "team-tourn"]
[EventRounds "11"]
[EventCountry "SVK"]
[SourceTitle "EXT 2019"]
[Source "ChessBase"]
[SourceDate "2018.10.10"]
[SourceVersion "1"]
[SourceVersionDate "2018.10.10"]
[SourceQuality "1"]
[WhiteTeam "Kosice sachy.sk"]
[BlackTeam "Modra"]
[WhiteTeamCountry "SVK"]
[BlackTeamCountry "SVK"]

1. e4 c5 2. Nf3 e6 3. d4 cxd4 4. Nxd4 Nf6 5. Nc3 Nc6 6. Nxc6 bxc6 7. e5 Nd5 8. Ne4 Qc7 9. f4 Qb6 10. c4 Bb4+ 11. Ke2 f5 12. Nf2 Ba6 13. Kf3 Ne7 14. Be3 Bc5 15. Bxc5 Qxc5 16. Qd6 Qb6 17. b3 c5 18. Rd1 Bb7+ 19. Kg3 Rd8 20. Nd3 Rc8 21. Nb2 Bc6 22. Be2 Kf7 23. Nd3 Be4 24. Nf2 Rhd8 25. Nxe4 fxe4 26. Bg4 Rc6 27. Qd2 d5 28. exd6 Rcxd6 29. Qe2 Rd3+ 30. Kf2 R8d4 31. Rxd3 exd3 32. Qe3 Qd6 33. g3 Nf5 34. Bxf5 exf5 35. Rd1 d2 36. Qe5 Qxe5 37. fxe5 Ke6 38. Ke3 Kxe5 39. Rxd2 Rxd2 40. Kxd2 Kd4 41. h3 g5 42. h4 h6 43. h5 a5 44. a4 f4 45. gxf4 gxf4 0-1

[Event "SVK-chT1E 0506"]
[Site "Slovakia"]
[Date "2006.02.04"]
[Round "8"]
[White "Janovsky, Jozef"]
[Black "Sokol, Lubomir"]
[Result "0-1"]
[WhiteElo "2166"]
[BlackElo "2187"]
[PlyCount "68"]
[EventDate "2005.10.15"]
[EventType "team"]
[EventRounds "11"]
[EventCountry "SVK"]
[SourceTitle "EXT 2009"]
[Source "ChessBase"]
[SourceDate "2008.11.26"]
[SourceVersion "1"]
[SourceVersionDate "2008.11.26"]
[SourceQuality "1"]

1. e4 c5 2. Nf3 d6 3. d4 cxd4 4. Nxd4 Nf6 5. Nc3 a6 6. Bg5 e6 7. f4 Be7 8. Qf3 Qc7 9. 0-0-0 0-0 10. Bd3 Nc6 11. Nce2 Nb4 12. Kb1 Nxd3 13. cxd3 Bd7 14. g4 Ba4 15. Rc1 Qb6 16. h4 Rac8 17. f5 d5 18. Rxc8 Rxc8 19. fxe6 fxe6 20. Ka1 dxe4 21. dxe4 Rf8 22. Qg2 Bc5 23. Bxf6 Rxf6 24. Nf3 Qa5 25. Nc1 Bc6 26. g5 Rf4 27. Qg3 Rxe4 28. Qb8+ Bf8 29. Rf1 Bb5 30. Qxb7 Rf4 31. Qb8 Rf7 32. Qe5 Qb6 33. Ne2 Qd6 34. Qe3 Qd3 0-1

[Event "SVK-chT 0506"]
[Site "Slovakia"]
[Date "2005.11.12"]
[Round "3"]
[White "Kovacik, Emil"]
[Black "Janovsky, Jozef"]
[Result "1-0"]
[WhiteElo "2181"]
[BlackElo "2166"]
[PlyCount "55"]
[EventDate "2005.10.08"]
[EventType "team-tourn"]
[EventRounds "11"]
[EventCountry "SVK"]
[SourceTitle "EXT 2019"]
[Source "ChessBase"]
[SourceDate "2018.10.10"]
[SourceVersion "1"]
[SourceVersionDate "2018.10.10"]
[SourceQuality "1"]
[WhiteTeam "Dubnica nad Vahom"]
[BlackTeam "Kosice sachy.sk"]
[WhiteTeamCountry "SVK"]
[BlackTeamCountry "SVK"]

1. e4 c5 2. Nc3 d6 3. g3 g6 4. Bg2 Bg7 5. d3 Nc6 6. f4 e6 7. Nf3 Nge7 8. 0-0 0-0 9. Be3 Nd4 10. e5 Nef5 11. Bf2 Nxf3+ 12. Qxf3 Nd4 13. Qd1 dxe5 14. fxe5 Bxe5 15. Ne4 f5 16. Nxc5 Rb8 17. c3 Nc6 18. Re1 Qd6 19. d4 Bg7 20. Qe2 Re8 21. d5 Nd8 22. dxe6 b6 23. Rad1 Qe7 24. Rd7 Bxd7 25. exd7 Qxe2 26. dxe8Q+ Qxe8 27. Rxe8+ Kf7 28. Na6 1-0

[Event "SVK-chT1E 0506"]
[Site "Slovakia"]
[Date "2005.10.15"]
[Round "1"]
[White "Janovsky, Jozef"]
[Black "Pal, Peter"]
[Result "1-0"]
[WhiteElo "2166"]
[BlackElo "2201"]
[PlyCount "87"]
[EventDate "2005.10.15"]
[EventType "team"]
[EventRounds "11"]
[EventCountry "SVK"]
[SourceTitle "EXT 2009"]
[Source "ChessBase"]
[SourceDate "2008.11.26"]
[SourceVersion "1"]
[SourceVersionDate "2008.11.26"]
[SourceQuality "1"]

1. e4 c5 2. Nf3 Nc6 3. d4 cxd4 4. Nxd4 e5 5. Nb5 d6 6. N1c3 Nf6 7. Bg5 a6 8. Na3 b5 9. Bxf6 gxf6 10. Nd5 Bg7 11. Bd3 f5 12. exf5 Kf8 13. c3 Qg5 14. Qf3 Bh6 15. Rd1 Rg8 16. Nb6 e4 17. Bxe4 Ne5 18. Qe2 Rb8 19. Nxc8 Rxc8 20. 0-0 Ng4 21. f4 Qh4 22. g3 Qe7 23. Qd3 Re8 24. Bc6 Qe2 25. Qxe2 Rxe2 26. Rxd6 Rxb2 27. f6 Nxf6 28. Rxf6 Kg7 29. Rxf7+ Kxf7 30. Bd5+ Kg7 31. Bxg8 Kxg8 32. Rf2 Rxf2 33. Kxf2 Bg7 34. Nb1 Kf7 35. Ke3 Ke6 36. Ke4 h5 37. h3 a5 38. Na3 b4 39. cxb4 axb4 40. Nc2 Bc3 41. g4 hxg4 42. hxg4 Bd2 43. g5 Kf7 44. Ne3 1-0

[Event "SVK-chT 0506"]
[Site "Slovakia"]
[Date "2005.10.09"]
[Round "2"]
[White "Janovsky, Jozef"]
[Black "Blaho, Stefan"]
[Result "0-1"]
[WhiteElo "2166"]
[BlackElo "2140"]
[PlyCount "112"]
[EventDate "2005.10.08"]
[EventType "team-tourn"]
[EventRounds "11"]
[EventCountry "SVK"]
[SourceTitle "EXT 2019"]
[Source "ChessBase"]
[SourceDate "2018.10.10"]
[SourceVersion "1"]
[SourceVersionDate "2018.10.10"]
[SourceQuality "1"]
[WhiteTeam "Kosice sachy.sk"]
[BlackTeam "Nove Zamky Basta"]
[WhiteTeamCountry "SVK"]
[BlackTeamCountry "SVK"]

1. e4 c5 2. Nf3 e6 3. d4 cxd4 4. Nxd4 Qb6 5. Nb3 Qc7 6. Nc3 a6 7. Bd3 Nf6 8. 0-0 Be7 9. Be3 d6 10. f4 Nbd7 11. Qf3 b6 12. Qg3 g6 13. Bd4 e5 14. fxe5 dxe5 15. Be3 0-0 16. Kh1 Bb7 17. Bh6 Nh5 18. Qh3 Ng7 19. Nd2 b5 20. Nf3 Rae8 21. Ng5 Bxg5 22. Bxg5 f6 23. Be3 Nc5 24. Rad1 Rd8 25. Qh4 Rd6 26. Rd2 Nd7 27. Rfd1 Ne8 28. Qh3 Rf7 29. a4 b4 30. Na2 a5 31. b3 Re7 32. Nc1 Nc5 33. Bc4+ Kh8 34. Qh6 Rg7 35. Bxc5 Qxc5 36. Nd3 Qc7 37. Qe3 Rgd7 38. Qh6 Ng7 39. Qh4 Nh5 40. Rf1 Kg7 41. Rdf2 Rd4 42. Rxf6 Rxe4 43. Qg5 Nxf6 44. Qxf6+ Kh6 45. Qf8+ Kh5 46. Qf3+ Kh6 47. Qf8+ Kh5 48. Qf3+ Rg4 49. Qh3+ Rh4 50. Rf5+ g5 51. Qe3 Rg4 52. Rf2 Qd6 53. Qh3+ Rh4 54. Qe3 e4 55. Nf4+ gxf4 56. Be2+ Kg5 0-1

[Event "SVK-chT 0405"]
[Site "Slovakia"]
[Date "2005.04.09"]
[Round "10"]
[White "Janovsky, Jozef"]
[Black "Doci, Stefan"]
[Result "0-1"]
[WhiteElo "2041"]
[BlackElo "2047"]
[PlyCount "74"]
[EventDate "2004.11.13"]
[EventType "team-tourn"]
[EventRounds "11"]
[EventCountry "SVK"]
[SourceTitle "EXT 2019"]
[Source "ChessBase"]
[SourceDate "2018.10.10"]
[SourceVersion "1"]
[SourceVersionDate "2018.10.10"]
[SourceQuality "1"]
[WhiteTeam "Kosice Hydina"]
[BlackTeam "Nitra"]
[WhiteTeamCountry "SVK"]
[BlackTeamCountry "SVK"]

1. e4 c5 2. Nf3 d6 3. c3 Nf6 4. h3 Nc6 5. Bd3 g6 6. 0-0 Bg7 7. Bc2 0-0 8. d4 cxd4 9. cxd4 Nb4 10. Bb3 Bd7 11. Nc3 Rc8 12. Re1 Bc6 13. a3 Na6 14. e5 dxe5 15. Nxe5 Bd5 16. Nxd5 Nxd5 17. Qf3 Nac7 18. Bd2 e6 19. Rac1 Qf6 20. Qg3 Qd8 21. Ba5 b6 22. Bd2 Ne7 23. Bb4 Nf5 24. Qg4 h5 25. Qe4 Bxe5 26. dxe5 Re8 27. Red1 Qg5 28. Qb7 Nd4 29. Rxc7 Rxc7 30. Qxc7 Nxb3 31. Qxa7 Rd8 32. Bd6 Nd2 33. Rxd2 Qxd2 34. Qxb6 Rc8 35. Qb4 Rc1+ 36. Kh2 Qxf2 37. a4 h4 0-1

[Event "SVK-chT 0405"]
[Site "Slovakia"]
[Date "2005.01.09"]
[Round "6"]
[White "Goban, Marek"]
[Black "Janovsky, Jozef"]
[Result "1/2-1/2"]
[WhiteElo "2190"]
[BlackElo "2041"]
[PlyCount "45"]
[EventDate "2004.11.13"]
[EventType "team-tourn"]
[EventRounds "11"]
[EventCountry "SVK"]
[SourceTitle "EXT 2019"]
[Source "ChessBase"]
[SourceDate "2018.10.10"]
[SourceVersion "1"]
[SourceVersionDate "2018.10.10"]
[SourceQuality "1"]
[WhiteTeam "Presov Tatran"]
[BlackTeam "Kosice Hydina"]
[WhiteTeamCountry "SVK"]
[BlackTeamCountry "SVK"]

1. Nf3 Nf6 2. g3 d5 3. Bg2 e6 4. 0-0 Be7 5. d3 0-0 6. Nbd2 Nbd7 7. e4 dxe4 8. Nxe4 Nxe4 9. dxe4 e5 10. Qe2 c6 11. b3 Qc7 12. Bb2 Re8 13. Rfd1 Bc5 14. a4 Bf8 15. Nd2 Nc5 16. Nc4 f6 17. Rd2 Be6 18. Rad1 Rad8 19. Rxd8 Rxd8 20. Rxd8 Qxd8 21. Qd2 Qxd2 22. Nxd2 g6 23. Kf1 1/2-1/2

[Event "SVK-ch U16"]
[Site "Vrutky"]
[Date "2005.??.??"]
[Round "6"]
[White "Blicha, Martin"]
[Black "Janovsky, Jozef"]
[Result "1/2-1/2"]
[WhiteElo "2068"]
[BlackElo "2041"]
[PlyCount "38"]
[EventDate "2005.02.13"]
[EventType "swiss"]
[EventRounds "9"]
[EventCountry "SVK"]
[SourceTitle "EXT 2009"]
[Source "ChessBase"]
[SourceDate "2008.11.26"]
[SourceVersion "1"]
[SourceVersionDate "2008.11.26"]
[SourceQuality "1"]

1. d4 d5 2. c4 c6 3. Nc3 Nf6 4. Bf4 e6 5. e3 Nbd7 6. Bd3 dxc4 7. Bxc4 b5 8. Bd3 Bb7 9. Nge2 a6 10. 0-0 c5 11. dxc5 Bxc5 12. Rc1 Rc8 13. a3 Nh5 14. Be4 Bxe4 15. Nxe4 Nxf4 16. Nxf4 0-0 17. Nxc5 Rxc5 18. Rxc5 Nxc5 19. Qc2 Na4 1/2-1/2